| 000 | 01521nam a22003970a 4500 | ||
|---|---|---|---|
| 001 | PT22670 | ||
| 003 | AR-LpoUNG | ||
| 005 | 20210131233110.0 | ||
| 008 | 191001s2006||||ag |||||||||||||||||spa d | ||
| 020 |
_a9508084766 _c$5,60 |
||
| 040 |
_aAR-LpoUNG _bspa _cAR-LpoUNG _eaacr |
||
| 041 | _aspa | ||
| 044 | _aag | ||
| 082 | 0 | _a982.065 8arg | |
| 100 | 1 |
_aQuiroga, Hugo _ecomp. |
|
| 245 | 1 | 0 |
_aArgentina 1976 - 2006 : _bentre la sombra de la dictadura y el futuro de la democracia |
| 250 | _a1ra ed. | ||
| 260 |
_aRosario : _bHomo Sapiens, _c2006. |
||
| 300 |
_a270 p. : _btbls. |
||
| 520 | _a<p>Analiza una de las experiencias políticas que más marcaron a la sociedad argentina en el siglo XX transcurriendo treinta años del golpe militar de 1976, el enlace de dos momentos históricos relevantes: el de la dictadura y el de la democracia. Se pretende seguir avanzando en una ruta crítica y plural a partir de contribuciones provenientes de la teoría política, la historia y la sociología con el propósito invariable de comprender lo ocurrido.</p> | ||
| 650 | 4 | _aANALISIS HISTORICO | |
| 650 | 4 | _aARGENTINA | |
| 650 | 4 | _aDEMOCRACIA | |
| 650 | 4 | _aDICTADURA | |
| 650 | 4 | _aDICTADURA | |
| 650 | 4 | _aGOBIERNO MILITAR | |
| 650 | 4 | _aHISTORIA | |
| 650 | 4 | _aHISTORIA SOCIAL | |
| 650 | 4 | _aPOLITICA | |
| 653 | _aMAES | ||
| 653 | _aPROCESO DE REORGANIZACION NACIONAL | ||
| 700 | 1 |
_aCesar Tcach _ecomp. |
|
| 710 | 2 | _aUniversidad Nacional del Litoral (Santa Fe) | |
| 905 | _a22670 | ||
| 942 | _cLSALA | ||
| 999 |
_c19154 _d19154 |
||